UBT Library

Introductory Metal Working (Record no. 39161)

000 -LEADER
fixed length control field 00291nam a22001337a 4500
008 - FIXED-LENGTH DATA ELEMENTS--GENERAL INFORMATION
fixed length control field 171219b xxu||||| |||| 00| 0 eng d
020 ## - INTERNATIONAL STANDARD BOOK NUMBER
International Standard Book Number 0538337109
041 ## - LANGUAGE CODE
Language code of text/sound track or separate title eng
080 ## - UNIVERSAL DECIMAL CLASSIFICATION NUMBER
Universal Decimal Classification number 621
100 ## - Rafti
Rafti 26
101 ## - Shkurtesa
Shkurtesa MEK
245 ## - TITLE STATEMENT
Title Introductory Metal Working
Statement of responsibility, etc Morrisey
942 ## - ADDED ENTRY ELEMENTS (KOHA)
Source of classification or shelving scheme
Item type Books
Holdings
Withdrawn status Lost status Source of classification or shelving scheme Damaged status Not for loan Collection code Permanent location Current location Shelving location Date acquired Total Checkouts Full call number Barcode Date last seen Price effective from Koha item type
          Koleksioni i përgjithshem UBT - Lipjan UBT - Lipjan Koleksioni i përgjithshem 12/19/2017   621 MOR 002-2939606 12/19/2017 12/19/2017 Books
          Koleksioni i përgjithshem UBT - Lipjan UBT - Lipjan Koleksioni i përgjithshem 12/19/2017   621 MOR 002-2939607 12/19/2017 12/19/2017 Books
          Koleksioni i përgjithshem UBT - Lipjan UBT - Lipjan Koleksioni i përgjithshem 12/19/2017   621 MAR 002-2939612 12/19/2017 12/19/2017 Books
          Koleksioni i përgjithshem UBT - Lipjan UBT - Lipjan Koleksioni i përgjithshem 12/19/2017   621 MAR 002-2939617 12/19/2017 12/19/2017 Books
          Koleksioni i përgjithshem UBT - Lipjan UBT - Lipjan Koleksioni i përgjithshem 12/19/2017   621 MAR 002-2939613 12/19/2017 12/19/2017 Books
          Koleksioni i përgjithshem UBT - Lipjan UBT - Lipjan Koleksioni i përgjithshem 12/19/2017   621 MAR 002-2939608 12/19/2017 12/19/2017 Books
          Koleksioni i përgjithshem UBT - Lipjan UBT - Lipjan Koleksioni i përgjithshem 12/19/2017   621 MAR 002-2939609 12/19/2017 12/19/2017 Books
UBT Library © 2015-2024. All rights reserved University Education for Business and Technology